000 00512cam a22001932 4500
001 0000002796
005 20151217155818.0
008 070419s xx 000 0 eng d
020 _a435900692 :
040 _aKABU
_cKABU
050 0 _aPR9402.9
_b.T33F59
100 1 _aTaban Lo Liyong.
_@0000152308
245 1 0 _aFixions and other stories.
260 _aNairobi :
_bHeinemann,
_c1969.
300 _a81 p.
908 _a070419
950 _@1
999 _c12763
_d12763